RISE AND FALL OF THE THIRD REICH THE HIS (Record no. 3739)
[ view plain ]
| 000 -LEADER | |
|---|---|
| fixed length control field | 00350nam a2200133Ia 4500 |
| 008 - FIXED-LENGTH DATA ELEMENTS--GENERAL INFORMATION | |
| fixed length control field | 240624s9999 xx 000 0 und d |
| 041 ## - LANGUAGE CODE | |
| Language code of text/sound track or separate title | eng |
| 082 ## - DEWEY DECIMAL CLASSIFICATION NUMBER | |
| Classification number | 943.086 SHI |
| 100 ## - MAIN ENTRY--PERSONAL NAME | |
| Personal name | SHIRER WILLIAM L |
| 245 ## - TITLE STATEMENT | |
| Title | RISE AND FALL OF THE THIRD REICH THE HIS |
| 260 ## - PUBLICATION, DISTRIBUTION, ETC. | |
| Date of publication, distribution, etc. | 1998 |
| Place of publication, distribution, etc. | London |
| Name of publisher, distributor, etc. | Arrow Books |
| 300 ## - PHYSICAL DESCRIPTION | |
| Extent | xii, : 1245 : p. : cm. ; 20 |
| 365 ## - TRADE PRICE | |
| Currency code | ERU |
| Withdrawn status | Lost status | Damaged status | Not for loan | Home library | Current library | Shelving location | Date acquired | Source of acquisition | Cost, normal purchase price | Total Holds | Full call number | Barcode | Date last seen | Copy number | Price effective from | Koha item type |
|---|---|---|---|---|---|---|---|---|---|---|---|---|---|---|---|---|
| IMTN | IMTN | Rack 41-B | 07/24/2006 | WBD | 9.00 | 521 | 943.086 SHI | 3739 | 06/24/2024 | 1 | 06/24/2024 | Books |